000 00857nam a2200253Ia 4500
008
020 _a9780750659789 (pbk.)
049 _aMAIN
090 _aTC175
_bCHA
100 1 _aChanson, Hubert
245 1 4 _aThe hydraulics of open channel flow :
_ban introduction ; basic principles, sediment motion, hydraulic modelling, design of hydraulic structures /
_cHubert Chanson.
250 _a2nd ed
260 _aOxford, UK :
_bElsevier/Butterworth Heinemann,
_cc2004.
300 _axlvii, 585 p. :
_bill. ;
_c25 cm.
500 _aIncludes index.
504 _aIncludes bibliographical references.
650 0 _aChannels (Hydraulic engineering).
650 0 _aHydraulics.
907 _a.b10392798
_b26-09-18
_c24-09-18
003
005 20230123141125.0
040 _cNUST
942 _cBOOKS
_kTC175
_mCHA
999 _c168097
_d168097